000 00420nam a2200181Ia 4500
001 18904
005 20260306171705.0
008 260306s9999||||xx |||||||||||||| ||und||
041 _aESP
082 _a658.562
_bC25
100 _aCantĂș Delgado, Humberto
_eAUT
245 0 _aDesarrollo de una cultura de calidad
260 _c2006
300 _a
_c
650 _aGEN
654 _aCAN
942 _cLIB
_dJUS
_fJUS
_2ddc
_n
999 _c18904
_d18904